<?xml version="1.0" encoding="UTF-8"?>
<record
    xmlns:xsi="http://www.w3.org/2001/XMLSchema-instance"
    xsi:schemaLocation="http://www.loc.gov/MARC21/slim http://www.loc.gov/standards/marcxml/schema/MARC21slim.xsd"
    xmlns="http://www.loc.gov/MARC21/slim">

  <leader>02845nam a2200445 i 4500</leader>
  <controlfield tag="001">194206</controlfield>
  <controlfield tag="003">SpMaBN</controlfield>
  <controlfield tag="005">20250718042054.0</controlfield>
  <controlfield tag="007">ta</controlfield>
  <controlfield tag="008">240418s2006    sp |          ||| ||spa  </controlfield>
  <datafield tag="016" ind1="7" ind2=" ">
    <subfield code="a">bimoBNE20061080065</subfield>
    <subfield code="2">SpMaBN</subfield>
  </datafield>
  <datafield tag="017" ind1=" " ind2=" ">
    <subfield code="a">SE 3114-2006</subfield>
    <subfield code="b">Oficina Dep&#xF3;sito Legal Sevilla</subfield>
  </datafield>
  <datafield tag="020" ind1=" " ind2=" ">
    <subfield code="a">8493245968</subfield>
  </datafield>
  <datafield tag="020" ind1=" " ind2=" ">
    <subfield code="a">9788493245962</subfield>
  </datafield>
  <datafield tag="035" ind1=" " ind2=" ">
    <subfield code="a">(OCoLC)71821140</subfield>
  </datafield>
  <datafield tag="035" ind1=" " ind2=" ">
    <subfield code="a">Mimo0002143927</subfield>
  </datafield>
  <datafield tag="040" ind1=" " ind2=" ">
    <subfield code="a">SpMaBN</subfield>
    <subfield code="b">spa</subfield>
    <subfield code="c">SpMaBN</subfield>
    <subfield code="e">rdc</subfield>
    <subfield code="d">Es-MaACL</subfield>
  </datafield>
  <datafield tag="080" ind1=" " ind2=" ">
    <subfield code="a">37(460)"18/..."</subfield>
  </datafield>
  <datafield tag="080" ind1=" " ind2=" ">
    <subfield code="a">37.014(460)"1975/..."</subfield>
  </datafield>
  <datafield tag="100" ind1="1" ind2=" ">
    <subfield code="a">Delibes Liniers, Alicia</subfield>
    <subfield code="0">XX1776833</subfield>
    <subfield code="9">235856</subfield>
  </datafield>
  <datafield tag="245" ind1="1" ind2="3">
    <subfield code="a">La gran estafa :</subfield>
    <subfield code="b">el secuestro del sentido com&#xFA;n en la educaci&#xF3;n /</subfield>
    <subfield code="c">Alicia Delibes Liniers.</subfield>
  </datafield>
  <datafield tag="250" ind1=" " ind2=" ">
    <subfield code="a">1&#xAA; ed.</subfield>
  </datafield>
  <datafield tag="260" ind1=" " ind2=" ">
    <subfield code="a">Madrid :</subfield>
    <subfield code="b">Grupo Unis&#xF3;n Producciones,</subfield>
    <subfield code="c">2006.</subfield>
  </datafield>
  <datafield tag="300" ind1=" " ind2=" ">
    <subfield code="a">172 p. ;</subfield>
    <subfield code="c">21 cm</subfield>
  </datafield>
  <datafield tag="336" ind1=" " ind2=" ">
    <subfield code="2">rdacontent</subfield>
    <subfield code="a">texto</subfield>
  </datafield>
  <datafield tag="337" ind1=" " ind2=" ">
    <subfield code="2">rdamedia</subfield>
    <subfield code="a">sin mediaci&#xF3;n</subfield>
  </datafield>
  <datafield tag="338" ind1=" " ind2=" ">
    <subfield code="2">rdacarrier</subfield>
    <subfield code="a">volumen</subfield>
  </datafield>
  <datafield tag="490" ind1="1" ind2=" ">
    <subfield code="a">Colecci&#xF3;n Ensayo</subfield>
  </datafield>
  <datafield tag="504" ind1=" " ind2=" ">
    <subfield code="a">Bibliograf&#xED;a: p. [165]-167</subfield>
  </datafield>
  <datafield tag="520" ind1=" " ind2=" ">
    <subfield code="a">Hacer bien una divisi&#xF3;n y un dictado era la condici&#xF3;n sin la que un ni&#xF1;o de diez a&#xF1;os no pod&#xED;a empezar su bachillerato. Cuatro cursos escolares y un examen de rev&#xE1;lida daban el t&#xED;tulo de Bachiller Elemental y otros dos cursos y una nueva rev&#xE1;lida conced&#xED;an el de Bachiller Superior. Para ir a la Universidad se exig&#xED;a, adem&#xE1;s del Preuniversitario, un dif&#xED;cil examen de acceso.

Alicia Delibes Liniers se incorpor&#xF3; a la ense&#xF1;anza en 1972 como profesora de matem&#xE1;ticas de ense&#xF1;anza media; posteriormente dio clase en Alemania a hijos de emigrantes y en Luxemburgo a hijos de funcionarios comunitarios de distintas nacionalidades hasta 1994. A su vuelta, se incorpor&#xF3; a un instituto que hab&#xED;a adelantado la reforma Logse: "Como ya expliqu&#xE9;, cuando comenc&#xE9; a escribir este libro resonaba en mi memoria la pregunta que se hace a s&#xED; mismo el personaje de Conversaci&#xF3;n en La Catedral: "&#xBF;En qu&#xE9; momento se hab&#xED;a jodido el Per&#xFA;?", y que, en mi caso, se refer&#xED;a a la educaci&#xF3;n y, especialmente, a la educaci&#xF3;n en Espa&#xF1;a".

La historia de esa degradaci&#xF3;n viene de lejos, y merece la pena prestar atenci&#xF3;n a la serie de procesos que ha seguido la administraci&#xF3;n educativa espa&#xF1;ola hasta llegar a la situaci&#xF3;n actual.</subfield>
  </datafield>
  <datafield tag="650" ind1=" " ind2="4">
    <subfield code="a">Ense&#xF1;anza-</subfield>
    <subfield code="z">Espa&#xF1;a-</subfield>
    <subfield code="y">S.XIX</subfield>
    <subfield code="9">12286</subfield>
  </datafield>
  <datafield tag="651" ind1=" " ind2="7">
    <subfield code="a">Espa&#xF1;a-</subfield>
    <subfield code="x">Pol&#xED;tica educativa-</subfield>
    <subfield code="y">1975-</subfield>
    <subfield code="9">146601</subfield>
  </datafield>
  <datafield tag="830" ind1=" " ind2="0">
    <subfield code="a">Colecci&#xF3;n Ensayo (Grupo Unis&#xF3;n)</subfield>
    <subfield code="9">235857</subfield>
  </datafield>
  <datafield tag="852" ind1=" " ind2=" ">
    <subfield code="a">ES-MaACL</subfield>
    <subfield code="c">DEPOJ</subfield>
    <subfield code="j">N-9886</subfield>
    <subfield code="h">Donaci&#xF3;n: Editorial </subfield>
    <subfield code="b">R.155099</subfield>
    <subfield code="9">201741</subfield>
    <subfield code="x">Encuadernaci&#xF3;n r&#xFA;stica</subfield>
  </datafield>
  <datafield tag="942" ind1=" " ind2=" ">
    <subfield code="n">0</subfield>
    <subfield code="c">MONOGRAFIA</subfield>
  </datafield>
  <datafield tag="999" ind1=" " ind2=" ">
    <subfield code="c">194206</subfield>
    <subfield code="d">194206</subfield>
  </datafield>
  <datafield tag="952" ind1=" " ind2=" ">
    <subfield code="0">0</subfield>
    <subfield code="1">0</subfield>
    <subfield code="2">udc</subfield>
    <subfield code="4">0</subfield>
    <subfield code="7">0</subfield>
    <subfield code="a">ATENEOM</subfield>
    <subfield code="b">ATENEOM</subfield>
    <subfield code="c">DEPOJ</subfield>
    <subfield code="d">2024-04-18</subfield>
    <subfield code="e">DONACION</subfield>
    <subfield code="l">0</subfield>
    <subfield code="o">N-9886</subfield>
    <subfield code="p">101226979</subfield>
    <subfield code="r">2024-04-18 00:00:00</subfield>
    <subfield code="w">2024-04-18</subfield>
    <subfield code="y">MONOGRAFIA</subfield>
  </datafield>
</record>
